000 00466nam a2200193Ia 4500
005 20240823012442.0
008 240823s9999||||xx |||||||||||||| ||und||
020 _a81-207-1756-2
041 _aENGLISH
082 _A415 P1
100 _aGratin Vas
245 0 _aPrepositions (Sterling Books)
250 _a1st
260 _c2001
_b"Sterling Pub.,New "
_aNew Delhi
500 _aTRANSFERED
650 _aPreposition
_bEnglish
942 _cBK
999 _c164438
_d164438